000 00571nam a2200205 a 4500
001 18242
003 CO-ViMGA
008 141112s2004 ck r 000 u spa d
020 _a9583005339
040 _aCO-ViMGA
_bspa
_cCO-ViMGA
082 _a986 O215
100 1 _aOcampo López, Javier
_94377
245 1 0 _aLa Patria Boba
260 _aBogotá,
_cPanAméricana Editorial,
_c1998
300 _a139p.
590 _aForma de adquisición : Donación Min. Cultura
650 1 4 _aCOLOMBIA - HISTORIA
650 1 4 _aPRIMERA REPUBLICA, 1810 - 1816
_95561
942 _2ddc
_cBK
999 _c10868
_d10868